Вып. 3 (103); Механика

書誌詳細
Parent link:Механика: периодический сборник переводов иностранных статей. Вып. 3 (103).— , 1950-1974
言語:ロシア語
出版事項: 1967
フォーマット: 図書
KOHA link:https://koha.lib.tpu.ru/cgi-bin/koha/opac-detail.pl?biblionumber=508745

MARC

LEADER 00000nam2a2200000 4500
001 508745
005 20231101103728.0
035 |a (RuTPU)RU\TPU\prd\180669 
035 |a RU\TPU\prd\180667 
090 |a 508745 
100 |a 20130606b1967 k y0rusy50 ca 
101 0 |a rus 
102 |a RU 
200 0 |a Вып. 3 (103) 
210 |d 1967 
461 1 |0 (RuTPU)RU\TPU\prd\837  |t Механика  |o периодический сборник переводов иностранных статей  |v Вып. 3 (103)  |d 1950-1974 
801 0 |a RU  |b 63413507  |c 20010227  |g PSBO 
801 1 |a RU  |b 63413507  |c 20130129 
801 2 |a RU  |b 63413507  |c 20130606  |g RCR 
942 |c BK 
999 |a НТБ_ТПУ  |b НФ  |e -4/20130109  |p П-5649  |u 0,00  |v 1  |x 29638